रेडियो और दूर-दर्शन पत्रकारिता / (Record no. 118123)
[ view plain ]
| 000 -LEADER | |
|---|---|
| fixed length control field | 01149nam a22002537a 4500 |
| 005 - DATE AND TIME OF LATEST TRANSACTION | |
| control field | 20170124103106.0 |
| 010 ## - LIBRARY OF CONGRESS CONTROL NUMBER | |
| LC control number | B-090523 |
| 020 ## - INTERNATIONAL STANDARD BOOK NUMBER | |
| Terms of availability | 200.00 |
| International Standard Book Number | 8179650553 |
| 035 ## - SYSTEM CONTROL NUMBER | |
| System control number | B-090523 |
| 037 ## - SOURCE OF ACQUISITION | |
| Source of stock number/acquisition | Cen Lib/Ret |
| 040 ## - CATALOGING SOURCE | |
| Original cataloging agency | DPL |
| Language of cataloging | HN |
| 082 ## - DEWEY DECIMAL CLASSIFICATION NUMBER | |
| Classification number | 070.4 |
| Item number | हरिमो |
| 100 ## - MAIN ENTRY--PERSONAL NAME | |
| Personal name | हरिमोहन |
| 9 (RLIN) | 78454 |
| 245 ## - TITLE STATEMENT | |
| Title | रेडियो और दूर-दर्शन पत्रकारिता / |
| Statement of responsibility, etc | हरिमोहन |
| 246 ## - VARYING FORM OF TITLE | |
| Title proper/short title | Radio aur doordarshan patrkarita / |
| Remainder of title | by Harimohan |
| 260 ## - PUBLICATION, DISTRIBUTION, ETC. (IMPRINT) | |
| Place of publication, distribution, etc | नयी दिल्ली |
| Name of publisher, distributor, etc | तक्षिला प्रकाशन |
| Date of publication, distribution, etc | 2004 |
| 270 ## - ADDRESS | |
| City | नयी दिल्ली |
| Address | 23/4761, अंसारी रोड, दरयागंज |
| Postal code | 110002 |
| 300 ## - PHYSICAL DESCRIPTION | |
| Extent | 191पृ. |
| Dimensions | 17सेमी (सजिल्द) |
| 650 ## - SUBJECT ADDED ENTRY--TOPICAL TERM | |
| Topical term or geographic name as entry element | हिंदी-पत्रकारिता |
| 9 (RLIN) | 1191 |
| 650 ## - SUBJECT ADDED ENTRY--TOPICAL TERM | |
| Topical term or geographic name as entry element | हिंदी-पत्रकारिता--रेडियो और दूर-दर्शन |
| 9 (RLIN) | 78455 |
| 650 ## - SUBJECT ADDED ENTRY--TOPICAL TERM | |
| Topical term or geographic name as entry element | Hindi--journalism |
| 9 (RLIN) | 43511 |
| 650 ## - SUBJECT ADDED ENTRY--TOPICAL TERM | |
| Topical term or geographic name as entry element | Hindi--journalism -- radio and tele-vision |
| 9 (RLIN) | 78456 |
| 942 ## - ADDED ENTRY ELEMENTS (KOHA) | |
| Source of classification or shelving scheme | Dewey Decimal Classification |
| Koha item type | Hindi Books |
| Classification part | 070.4 |
| Call number suffix | हरिमो |
| Withdrawn status | Lost status | Damaged status | Not for loan | Home library | Current library | Date acquired | Source of acquisition | Cost, normal purchase price | Total Checkouts | Total Renewals | Full call number | Barcode | Date last seen | Date checked out | Copy number | Cost, replacement price | Price effective from | Koha item type |
|---|---|---|---|---|---|---|---|---|---|---|---|---|---|---|---|---|---|---|
| Central Library | Central Library | 10/09/2015 | Cen Lib/Ref | 200.00 | 4 | 1 | 070.4 हरिमो | B-090523 | 17/02/2022 | 29/01/2022 | 1 | 200.00 | 10/09/2015 | Hindi Books |
